Vzťah demokracie a odbornosti v obecnej samospráve Slovenskej republiky

Analýza ústavnoprávnych aspektov vzťahu demokracie a odbornosti v obecnej samospráve so zreteľom sa na tie prvky uvedeného vzťahu, ktorá v konfrontácii legislatívy a praxe vyznievajú v podmienkach Slovenskej republiky najkontroverznejšie.

Gespeichert in:
Bibliographische Detailangaben
1. Verfasser: Palúš, Igor
Format: Buchkapitel
Sprache:Slowakisch
Schlagworte:
Tags: Tag hinzufügen
Keine Tags, Fügen Sie das erste Tag hinzu!

MARC

LEADER 00000naa a2200000 4500
001 0191453
005 20220714120438.1
041 0 |a slo 
044 |a CZ 
245 1 0 |a Vzťah demokracie a odbornosti v obecnej samospráve Slovenskej republiky  |c Igor Palúš 
520 |a Analýza ústavnoprávnych aspektov vzťahu demokracie a odbornosti v obecnej samospráve so zreteľom sa na tie prvky uvedeného vzťahu, ktorá v konfrontácii legislatívy a praxe vyznievajú v podmienkach Slovenskej republiky najkontroverznejšie. 
610 2 0 |a demokracia 
610 2 0 |a Slovensko 
610 2 0 |a odbornosť 
610 2 0 |a politika verejná 
610 2 0 |a samospráva 
100 1 |a Palúš, Igor